000 01129nji a22002657a 4500
005 20100910114025.0
006 a|||||r|||||00| 0
007 sd ammalaaahaa
008 100830t xxu||||| |||| 00| 0 eng d
028 _aN 55762
_bHis Master's Voice
035 _aGR-01833
040 _aSED
_cSED
100 _917455
_aMohd. Rafi
245 _aKanya daan /
_cby Mohd. Rafi ; music by Shanker Jaikishan ; lyrics by Neeraj
_h[sound recording] :
246 _aकन्या दान
260 _aDum Dum, India
_bHis Master's Voice
300 _a1 sound disc [Gramophone Recording]:
_banalog, 33 1/3 rpm
_c9.5 in. (MP)
_fGramophone Record
500 _aBrief Record
505 _aSide-1 लिखे जो ख़त तुझे (Likhe jo khat tujhe) (Mohd. Rafi) --Side-२ सन्डे को प्यार हुआ (Sunday ko pyar hua) (Mahendra Kapoor and Asha Bhosle)
650 _aMotion Picture music
_zIndia
_91186
_xExcerpts
700 _917416
_aJaikishan, Shankar
700 _917456
_aNeeraj
942 _2ddc
_cGR
999 _c45016
_d45016